[Event "Brest op"]
[Site "Brest"]
[Date "2010.04.03"]
[Round "7.2"]
[White "Toux, Stephane"]
[Black "Weber, Loic"]
[Result "1-0"]
[WhiteElo "1837"]
[BlackElo "1652"]
[PlyCount "41"]
[EventDate "2010.04.03"]
[EventType "swiss"]
[EventRounds "7"]
[EventCountry "FRA"]
[SourceTitle "EXT 2014"]
[Source "ChessBase"]
[SourceDate "2013.11.20"]
[SourceVersion "1"]
[SourceVersionDate "2013.11.20"]
[SourceQuality "1"]

1. e4 c5 2. Nf3 Nc6 3. d4 cxd4 4. Nxd4 Nf6 5. Nc3 e5 6. Nb3 Bb4 7. Bc4 0-0 8. 0-0 Ne7 9. Qf3 Ng6 10. Nd5 Nxd5 11. Bxd5 Qc7 12. c3 Be7 13. Be3 d6 14. Rac1 Bf6 15. Nd2 h5 16. Qxh5 Nf4 17. Bxf4 exf4 18. Nf3 Qe7 19. h4 g6 20. Qxg6+ Bg7 21. Ng5 1-0

[Event "Brest op"]
[Site "Brest"]
[Date "2009.04.11"]
[Round "1"]
[White "Le Marec, Simon"]
[Black "Weber, Loic"]
[Result "1-0"]
[WhiteElo "2063"]
[BlackElo "1640"]
[PlyCount "55"]
[EventDate "2009.04.11"]
[EventType "swiss"]
[EventRounds "7"]
[EventCountry "FRA"]
[SourceTitle "EXT 2011"]
[Source "ChessBase"]
[SourceDate "2010.11.26"]
[SourceVersion "1"]
[SourceVersionDate "2010.11.26"]
[SourceQuality "1"]

1. d4 Nf6 2. Nf3 g6 3. Bf4 Bg7 4. Nc3 d6 5. e4 Nbd7 6. Qd2 0-0 7. 0-0-0 c6 8. Bd3 b5 9. Bh6 a5 10. Bxg7 Kxg7 11. e5 dxe5 12. dxe5 Nd5 13. Nxd5 cxd5 14. h4 Nc5 15. h5 Nxd3+ 16. cxd3 Bf5 17. Kb1 Qb6 18. e6 Qxe6 19. Ng5 Qf6 20. Nxh7 Qd4 21. Nxf8 Rxf8 22. hxg6 Bxg6 23. Qh6+ Kg8 24. Rh4 Qg7 25. Qe3 Qf6 26. Rdh1 Kg7 27. Rf4 Qg5 28. Rxf7+ 1-0

[Event "Finistere-chT 0304"]
[Site "Finistere"]
[Date "2004.03.20"]
[Round "6.8"]
[White "Weber, Loic"]
[Black "El Hamdi, Aissa"]
[Result "1-0"]
[WhiteElo "1360"]
[BlackElo "1760"]
[PlyCount "93"]
[EventDate "2003.10.??"]
[EventType "team-swiss"]
[EventRounds "6"]
[EventCountry "FRA"]
[SourceTitle "EXT 2005"]
[Source "ChessBase"]
[SourceDate "2004.11.15"]
[SourceVersion "1"]
[SourceVersionDate "2004.11.15"]
[SourceQuality "1"]

1. d4 Nf6 2. c4 e6 3. Nc3 Bb4 4. Bd2 b6 5. e4 Bxc3 6. Bxc3 Nxe4 7. Qg4 d5 8. Qxg7 Qf6 9. Qxf6 Nxf6 10. Bd3 dxc4 11. Bxc4 0-0 12. Ne2 Bb7 13. f3 Bd5 14. Bd3 Nbd7 15. Rf1 c6 16. g4 a5 17. h4 b5 18. a3 Nb6 19. Ng3 Nc4 20. g5 Nd7 21. Rf2 Rfe8 22. b3 Nd6 23. Bc2 e5 24. Kd1 exd4 25. Bxd4 c5 26. Bc3 c4 27. Rd2 Bxf3+ 28. Kc1 Re1+ 29. Kb2 Re6 30. Rf1 Bc6 31. Rfd1 cxb3 32. Bf5 Nc4+ 33. Kb1 Nxd2+ 34. Rxd2 Rae8 35. Kb2 Ne5 36. Bxe5 Rxe5 37. Rd6 Bd5 38. h5 Rc8 39. Bxc8 Rxg5 40. Rd8+ Kg7 41. Nf5+ Rxf5 42. Bxf5 Bc4 43. Bd3 Bxd3 44. Rxd3 f5 45. Rxb3 Kh6 46. Rxb5 Kg5 47. Rxa5 1-0

[Event "Finistere-chT 0304"]
[Site "Finistere"]
[Date "2003.10.18"]
[Round "1.9"]
[White "Ollivier, Alain"]
[Black "Weber, Loic"]
[Result "1-0"]
[WhiteElo "1770"]
[BlackElo "1430"]
[PlyCount "53"]
[EventDate "2003.10.??"]
[EventType "team-swiss"]
[EventRounds "6"]
[EventCountry "FRA"]
[SourceTitle "EXT 2005"]
[Source "ChessBase"]
[SourceDate "2004.11.15"]
[SourceVersion "1"]
[SourceVersionDate "2004.11.15"]
[SourceQuality "1"]

1. e4 e6 2. d3 d5 3. Nd2 c5 4. Ngf3 Nc6 5. g3 g6 6. Bg2 Bg7 7. 0-0 Nge7 8. Re1 0-0 9. c3 a5 10. a4 d4 11. c4 Nb4 12. Nf1 e5 13. h3 Ra6 14. N1h2 f5 15. exf5 Bxf5 16. Nxe5 Bxe5 17. Rxe5 Nxd3 18. Rxf5 Rxf5 19. Qxd3 Raf6 20. Ng4 Rf8 21. Nh6+ Kg7 22. Nxf5+ Nxf5 23. Bd2 Qb6 24. Re1 Qf6 25. Bf4 b6 26. Be5 Qxe5 27. Rxe5 1-0